00863nam a2200265 a 450000100060000000300080000600500170001400800410003103500560007204000350012804100080016308200250017110000240019624500940022026000350031430000330034949000740038250400190045665000140047565000120048965000200050183000060052170000320052770000380055913221BD-RjUL20211208235425.0140130s1948 us a 001 0 eng d a(BD-RjUL)13272aCURL 020000107909(Edi) from smtc100 aBD-RjULbengcBD-RjULdBD-RjUL aeng04a621.381333bHAK 19481 aHamilton, Donald R.10aKlystrons and microwave triodes /cDonald R. Hamilton, Julian K. Knipp, J.B. Horner Kuper aNew York :bMcGraw-Hill,c1948 axiv, 533 p :billus ;c23 cm1 aRadiation Laboratory series / Massachusetts Institute of Technology ; aInclude index. 0aKlystrons 0aTriodes 0aMicrowave tubes 0v71 aKnipp, Julian Knaused1910-1 aKuper, James Brown Horner,d1909-